Statistics for Name The Video Game City

Click here to take the quiz!

General Stats

  • This quiz has been taken 13 times
  • The average score is 7 of 16

Answer Stats

HintAnswer% Correct
Watch DogsChicago
92%
Grand Theft Auto 4Liberty City
85%
Watch Dogs 2San Francisco
85%
The Simpsons Hit and RunSpringfield
77%
Sleeping DogsHong Kong
54%
The Last of Us (Name one city)Austin, Boston, Lincoln (Bill's Town), Pittsburgh, Jackson, Boulder, Lakeside, Salt Lake City
46%
God of War 1-3 (Country)Greece
46%
Bioshock InfiniteColombia
38%
Max Payne 3Sao Paulo
38%
Mario 64 (First World Map not the castle)Bob Omb Battlefield
31%
BullyBullworth
31%
Sniper Elite 4 (Country)Italy
31%
Far Cry 4Kyrat
23%
Back to the future the gameHill Valley
15%
Just Cause 2Panau
8%
Ratchet and Clank 1 (First Planet)Veldin
8%

Score Distribution

Percentile by Number Answered

Percent of People with Each Score

Your Score History

You have not taken this quiz